From mathematics to generic programming / (Record no. 19853)
[ view plain ]
| 000 -LEADER | |
|---|---|
| fixed length control field | 00933cam a22002655a 4500 |
| 001 - CONTROL NUMBER | |
| control field | 18283367 |
| 005 - DATE AND TIME OF LATEST TRANSACTION | |
| control field | 20151103192531.0 |
| 008 - FIXED-LENGTH DATA ELEMENTS--GENERAL INFORMATION | |
| fixed length control field | 140828t2015 njua frb 001 0 eng d |
| 020 ## - INTERNATIONAL STANDARD BOOK NUMBER | |
| International Standard Book Number | 9780321942043 (pbk. : alk. paper) |
| 020 ## - INTERNATIONAL STANDARD BOOK NUMBER | |
| International Standard Book Number | 0321942043 (pbk. : alk. paper) |
| 040 ## - CATALOGING SOURCE | |
| Original cataloging agency | DLC |
| Language of cataloging | eng |
| Transcribing agency | DLC |
| Modifying agency | DLC |
| -- | EG-ScBUE |
| 082 04 - DEWEY DECIMAL CLASSIFICATION NUMBER | |
| Classification number | 005.11 |
| Edition number | 22 |
| Item number | STE |
| 100 1# - MAIN ENTRY--PERSONAL NAME | |
| Personal name | Stepanov, Alexander A. |
| 9 (RLIN) | 38662 |
| 245 10 - TITLE STATEMENT | |
| Title | From mathematics to generic programming / |
| Statement of responsibility, etc | Alexander A. Stepanov, Daniel E. Rose. |
| 260 ## - PUBLICATION, DISTRIBUTION, ETC. (IMPRINT) | |
| Place of publication, distribution, etc | Upper Saddle River : |
| Name of publisher, distributor, etc | Addison-Wesley / Pearson Education, |
| Date of publication, distribution, etc | c.2015. |
| 300 ## - PHYSICAL DESCRIPTION | |
| Extent | xiii, 293 p. : |
| Other physical details | ill. ; |
| Dimensions | 23 cm. |
| 500 ## - GENERAL NOTE | |
| General note | Index : p. 281-292. |
| 504 ## - BIBLIOGRAPHY, ETC. NOTE | |
| Bibliography, etc | Bibliography : p. 275-279. |
| 650 #0 - SUBJECT ADDED ENTRY--TOPICAL TERM | |
| Topical term or geographic name as entry element | Generic programming (Computer science) |
| General subdivision | Mathematics. |
| Source of heading or term | BUEsh |
| 650 #7 - SUBJECT ADDED ENTRY--TOPICAL TERM | |
| Topical term or geographic name as entry element | Computer algorithms. |
| Source of heading or term | BUEsh |
| 9 (RLIN) | 10553 |
| 651 ## - SUBJECT ADDED ENTRY--GEOGRAPHIC NAME | |
| Source of heading or term | BUEsh |
| 653 ## - INDEX TERM--UNCONTROLLED | |
| Resource For college | Informatics and Computer Science |
| Arrived date list | June2015 |
| -- | November2015 |
| 700 1# - ADDED ENTRY--PERSONAL NAME | |
| Personal name | Rose, Daniel E. |
| 942 ## - ADDED ENTRY ELEMENTS (KOHA) | |
| Source of classification or shelving scheme | Dewey Decimal Classification |
| Withdrawn status | Lost status | Source of classification or shelving scheme | Damaged status | Not for loan | Koha collection | Home library | Current library | Shelving location | Date acquired | Source of acquisition | Cost, normal purchase price | Serial Enumeration / chronology | Total Checkouts | Full call number | Barcode | Date last seen | Cost, replacement price | Koha item type |
|---|---|---|---|---|---|---|---|---|---|---|---|---|---|---|---|---|---|---|
| Dewey Decimal Classification | Alahram | Central Library | Central Library | Lower Floor | 24/06/2015 | Purchase | 299.00 | 325 | 005.11 STE | 000038698 | 15/07/2025 | 373.75 | Book - Borrowing |